| 000 | 00719nam a22002177a 4500 | ||
|---|---|---|---|
| 005 | 20230517111857.0 | ||
| 008 | 140212s1978 mx ||| |||| ||||0 ||spa d | ||
| 050 | 0 | 4 |
_aHB501 _bR67 1978 |
| 100 | 1 |
_aRozemberg, D. I., _eautor |
|
| 245 | 1 | 3 |
_aEl capital de Carlos Marx : _bComentarios al primer tomo / _cD. I. Rozemberg ; prólogo de Pedro Lopéz Díaz ; [traducción Samuel Feldman]. |
| 250 | _a1a ed. | ||
| 260 |
_aMéxico : _bEdiciones de Cultura Popular, _c1978 |
||
| 300 |
_a3.V. ; _c21 cm. |
||
| 490 | 0 | _aEconomía | |
| 504 | _aIncluye bibliografías | ||
| 650 | 7 |
_2LEMB _aCapital |
|
| 650 | 7 |
_2LEMB _aCapitalismo |
|
| 700 | 1 |
_aLópez Díaz, Pedro, _eprol. |
|
| 700 | 1 |
_aFeldman, Samuel, _etr. |
|
| 942 |
_2lcc _cLIB |
||
| 999 |
_c79817 _d79817 |
||